古诗词中的地点#2 The city/pefecture region based on the poem #2 - Statistics

General Stats
  • This quiz has been taken 86 times
    82 since last reset
  • The average score is 9 of 17
Answer Stats
诗句 作者 地点 % Correct
造化钟神秀,阴阳割昏晓。 杜甫 泰安
84%
乱花渐欲迷人眼,浅草才能没马蹄。最爱湖东行不足,绿杨阴里白沙堤。 白居易 杭州
82%
月落乌啼霜满天,江枫渔火对愁眠。 张继 苏州
79%
凉州七里十万家,胡人半解弹琵琶。琵琶一曲肠堪断,风萧萧兮夜漫漫。 岑参 武威
76%
天街小雨润如酥,草色遥看近却无。 韩愈 西安
72%
迥合千峰起塞垣,汉家曾此限中原。城临辽海雄南部,地枕燕山控北门。 吴兆骞 秦皇岛
63%
渡远荆门外,来从楚国游。山随平野尽,江入大荒流。 李白 宜昌
62%
何处望神州?满眼风光北固楼。千古兴亡多少事?悠悠。不尽长江滚滚流。 辛弃疾 镇江
61%
独怜幽草涧边生,上有黄鹂深树鸣。春潮带雨晚来急,野渡无人舟自横。 韦应物 滁州
59%
画栋朝飞南浦云,珠帘暮卷西山雨。 王勃 南昌
53%
苑方秦地少,山似洛阳多。古殿吴花草,深宫晋绮罗。 李白 南京
49%
白日依山尽,黄河入海流,欲穷千里目,更上一层楼。 王之涣 运城
47%
长风万里送秋雁,对此可以酣高楼。 李白 宣城
45%
岭树重遮千里目,江流曲似九回肠。共来百越文身地,犹自音书滞一乡。 柳宗元 柳州
41%
江干多是钓人居,柳陌菱塘一带疏。好是日斜风定后,半江红树卖鲈鱼。 王士祯 扬州
28%
城隅南对望陵台,漳水东流不复回。武帝宫中人去尽,年年春色为谁来。 岑参 邯郸
24%
独上高楼望帝京,鸟飞犹是半年程。青山似欲留人住,百匝千遭绕郡城。 李德裕 海口/三亚
16%
No matching quizzes found
Score Distribution
Percent of People with Each Score
Percentile by Number Answered
Your Score History
You have not taken this quiz since the last reset